|
|
|
|
| LEADER |
02566nam a2200505 a 4500 |
| 001 |
000573831 |
| 003 |
CZ BrMZK |
| 005 |
20161020093745.0 |
| 007 |
ta |
| 008 |
011008s2001 xr e p cze d |
| 015 |
|
|
|a cnb000991762
|
| 020 |
|
|
|a 80-213-0793-5
|
| 020 |
|
|
|a 978-80-213-0793-5
|q (dotisk :
|q brož.)
|
| 020 |
|
|
|a 978-80-213-0973-9
|q (5. dotisk 2010 :
|q brož.)
|
| 020 |
|
|
|a 978-80-213-0793-3
|q (6. dotisk 2011 :
|q brož.) :
|c Kč 80,00
|
| 035 |
|
|
|a (OCoLC)37251559
|
| 040 |
|
|
|a BOA001
|b cze
|
| 072 |
|
7 |
|a 311
|x Statistika
|2 Konspekt
|9 4
|
| 072 |
|
7 |
|a 37.016
|x Učební osnovy. Vyučovací předměty. Učebnice
|2 Konspekt
|9 22
|
| 080 |
|
|
|a 311
|2 MRF
|
| 080 |
|
|
|a (075.8)
|2 MRF
|
| 100 |
1 |
|
|a Prášilová, Marie,
|d 1955-
|7 ola2004231538
|4 aut
|
| 245 |
1 |
0 |
|a Cvičení ze statistiky I /
|c Marie Prášilová, Rudolf Zeipelt
|
| 250 |
|
|
|a Vyd. 3.
|
| 260 |
|
|
|a Praha :
|b Credit,
|c 2001
|
| 300 |
|
|
|a 125 s. ;
|c 29 cm
|
| 500 |
|
|
|a Vydavatel: Provozně ekonomická fakulta ČZU v Praze
|
| 504 |
|
|
|a Obsahuje bibliografii
|
| 521 |
|
|
|a Pro posluchače oboru PaE
|
| 650 |
0 |
7 |
|a statistika
|7 ph116273
|x úlohy
|2 czenas
|
| 655 |
|
7 |
|a učebnice vysokých škol
|7 fd133772
|2 czenas
|
| 700 |
1 |
|
|a Zeipelt, Rudolf
|7 jx20040726060
|4 aut
|
| 710 |
2 |
|
|a Česká zemědělská univerzita v Praze.
|b Provozně ekonomická fakulta
|7 kn20010725055
|
| 910 |
|
|
|a BOA001
|b 3-1092.825
|
| 990 |
|
|
|a BK
|
| 996 |
6 |
|
|b 2610148120
|c 3-1092.825
|l MZK
|r Sklad / do 1 hodiny
|n 0
|p p.v.
|w 000573831
|u 000010
|a 1
|e BOA001
|j MZK50
|s P
|
| 996 |
7 |
|
|b 2610206242
|c 3-1092.825
|l MZK
|r Sklad / do 1 hodiny
|n 15
|p p.v. ; 1.dotisk 2003
|w 000573831
|u 000020
|a 1
|e BOA001
|j MZK50
|s A
|
| 996 |
7 |
|
|b 2610263518
|c 3-1092.825
|l MZK
|r Sklad / do 1 hodiny
|n 5
|p p.v. 2. dotisk 2005
|w 000573831
|u 000030
|a 1
|e BOA001
|j MZK50
|s A
|
| 996 |
7 |
|
|b 2610299487
|c 3-1092.825
|l MZK
|r Sklad / do 1 hodiny
|n 9
|p p.v.; 3.dotisk 2006
|w 000573831
|u 000040
|a 1
|e BOA001
|j MZK50
|s A
|
| 996 |
7 |
|
|b 2610378653
|c 3-1092.825
|l MZK
|r Sklad / do 1 hodiny
|n 3
|p p.v.
|w 000573831
|u 000050
|a 1
|e BOA001
|j MZK50
|s A
|
| 996 |
7 |
|
|b 2610456905
|c 3-1092.825
|l MZK
|r Sklad / do 1 hodiny
|n 1
|p p.v.
|w 000573831
|u 000060
|a 1
|e BOA001
|j MZK50
|s A
|
| 996 |
7 |
|
|b 2610494062
|c 3-1092.825
|l MZK
|r Sklad / do 1 hodiny
|n 5
|p p.v.
|w 000573831
|u 000070
|a 1
|e BOA001
|j MZK50
|s A
|
| 996 |
7 |
|
|b 2610566455
|c 3-1092.825
|l MZK
|r Sklad / do 1 hodiny
|n 3
|p p.v.
|w 000573831
|u 000080
|a 1
|e BOA001
|j MZK50
|s A
|
| 996 |
7 |
|
|b 2610637176
|c 3-1092.825
|l MZK
|r Sklad / do 1 hodiny
|n 1
|p p.v.
|w 000573831
|u 000090
|a 1
|e BOA001
|j MZK50
|s A
|
| 996 |
7 |
|
|b 2610684993
|c 3-1092.825
|l MZK
|r Sklad / do 1 hodiny
|n 0
|p p.v.
|w 000573831
|u 000100
|a 1
|e BOA001
|j MZK50
|s A
|